XML cho người mới học

Salvato in:
Dettagli Bibliografici
Autore principale: Lê Minh Trung
Natura: Libro
Lingua:Undetermined
Pubblicazione: H. Thống Kê 2002
Soggetti:
Tags: Aggiungi Tag
Nessun Tag, puoi essere il primo ad aggiungerne! !
Thư viện lưu trữ: Trung tâm Học liệu Trường Đại học Cần Thơ
LEADER 00506nam a2200181Ia 4500
001 CTU_52221
008 210402s9999 xx 000 0 und d
020 |b 45500 
082 |a 005.7592 
082 |b Tr513 
100 |a Lê Minh Trung 
245 0 |a XML cho người mới học 
245 0 |c Lê Minh Trung và Hoàng Thanh 
260 |a H. 
260 |b Thống Kê 
260 |c 2002 
650 |a xml ( document markup language ) 
980 |a Trung tâm Học liệu Trường Đại học Cần Thơ